| 000 | 00690nam a2200193 a 4500 | ||
|---|---|---|---|
| 001 | 3137 | ||
| 003 | CDMR | ||
| 005 | 20151019134801.0 | ||
| 008 | 130130s2005||||||||||||||||||||||||||||d | ||
| 020 | _a8496453065 | ||
| 040 |
_aCDMR _bcat _cCDMR |
||
| 100 | 1 |
_aSarró, Miguel _92291 |
|
| 245 | 1 | 0 |
_aPinturas de guerra _b: dibujantes antifascistas en la Guerra Civil española _cper Miguel Sarró, "Mutis" ; prólogo innecesario, Marcos Giralt Torrente ; divagaciones sobre la piel de toro, Eduardo Pons Prades |
| 250 | _a2a ed. | ||
| 260 |
_aMadrid _c2005 _bTraficantes de Sueños |
||
| 650 | 0 | 4 |
_93384 _aDibuixants |
| 650 | 0 | 4 |
_93196 _aEspanya _xHistòria _y1936-1939, Guerra Civil |
| 942 |
_cMON _2ddc |
||
| 999 |
_c3137 _d3137 |
||